Mass Transfer in Biotechnology.
Guardado en:
| Formato: | Libro |
|---|---|
| Idioma: | English |
| Publicado: |
Berlin :
Springer-Verlag,
1978.
|
| Series: | Advances in biochemical engineering ;
8 |
| Materias: | |
| Etiquetas: |
Agregar Etiqueta
Sin Etiquetas, Sea el primero en etiquetar este registro!
|
| LEADER | 00624nam a22001935a 4500 | ||
|---|---|---|---|
| 001 | EIQ.libpla003223 | ||
| 008 | 071108s1978####gw#a##########000#0#eng#d | ||
| 005 | 20140728124711.0 | ||
| 245 | 0 | 0 | |a Mass Transfer in Biotechnology. |
| 260 | |a Berlin : |b Springer-Verlag, |c 1978. | ||
| 300 | |a 151 p. : |b il., figuras ; |c 24 cm. | ||
| 490 | 0 | |a Advances in biochemical engineering ; |v 8 | |
| 020 | |a 3540085572 | ||
| 020 | |a 0387085572 | ||
| 650 | 4 | |a Bioquímica |x Transferencia de masa. | |
| 650 | 4 | |a Masa |x Transferencia. | |
| 650 | 4 | |a Biochemical |x mass transfer. | |
| 650 | 4 | |a Mass |x Transfer. | |
| 859 | |a AR-BbSID |b BIB. PLAPIQUI |h 660.63 |i M 381 |p 2526 |v 8 | ||
